000 00464cam a2200169ua 4500
001 5255
008 120808n ii |||gr||||Z||||||eng
040 _cMAIN
082 _a808
100 _aDutta, Kalyannath,
_eAuthor,
245 1 1 _aSome aspects of rhetoric and prosody
_cby Kalyannath Dutta
250 _a5th.
260 _aCalcutta:
_bSribhumi publishing company,
_c1993.
300 _a80p:
_c23cm.
653 _aRhetoric & collections of literature
942 _cBK
999 _c4437
_d4437